000 00673 a2200193 4500
020 _a0861879317
020 _a9780861879311
090 _c3503
_d3503
100 1 _aOchel, Wolfgang.
245 1 0 _aService economies in europe :
_bopportunities for growth /
_cWolfgang Ochel.
260 _a[S.l.] :
_bContinuum International Publishing,
_c1987.
300 _a160 p.
500 _aImport.
500 _aHardcover.
700 1 _aWegner, Manfred.
856 4 0 _3Amazon.com
_uhttp://www.amazon.com/exec/obidos/ASIN/0861879317/chopaconline-20
856 4 0 _3Amazon customer reviews
_uhttp://www.chopac.org/cgi-bin/tools/azrev.pl?q=0861879317
942 _aNBS
_cBK
_k338.46094 OCH
999 _c345979
_d345979